Brooklyn Nets Top 25 Players of All Time - Statistics

General Stats
  • This quiz has been taken 84 times
  • The average score is 12 of 25
Answer Stats
Position Answer % Correct
PG Jason Kidd
93%
SF Julius Erving
91%
C Brook Lopez
86%
PF Buck Williams
82%
PG Deron Williams
82%
PF Jayson Williams
82%
SF Vince Carter
75%
PG Joe Johnson
58%
PF Kenyon Martin
58%
SF Richard Jefferson
58%
SG Drazen Petrovic
50%
SF Derrick Coleman
49%
PF Kevin Garnett
47%
SF Paul Pierce
46%
PG Kenny Anderson
38%
SG Kerry Kittles
37%
SF Keith Van Horn
34%
PG Devin Harris
33%
PG Michael Ray Richardson
25%
SF Bernard King
24%
PG Stephon Marbury
21%
SG Kendall Gill
17%
SF Rick Barry
16%
C Darryl Dawkins
12%
PG Sam Cassell
4%
No matching quizzes found
Score Distribution
Percent of People with Each Score
Percentile by Number Answered
Your Score History
You have not taken this quiz